| Tag |
First Indicator |
Second Indicator |
Subfields |
| LEADER |
00000cam a2200000Ii 4500 |
| 001 |
in00003774579 |
| 005 |
20160510120633.0 |
| 008 |
150610t20162016nyu b 001 0deng d |
| 010 |
|
|
|a 2015935695
|
| 035 |
|
|
|a (OCoLC)ocn910980480
|
| 040 |
|
|
|a YDXCP
|b eng
|e rda
|c YDXCP
|d BTCTA
|d OCLCQ
|d BDX
|d MNM
|d OCLCO
|d IBV
|d OCLCO
|d IH8
|d BKL
|d IWC
|d MNE
|d CDX
|d VMI
|d MTG
|d MUU
|d OCLCF
|d TXA
|
| 019 |
|
|
|a 945629946
|
| 020 |
|
|
|a 1598534661
|
| 020 |
|
|
|a 9781598534665
|
| 035 |
|
|
|a (OCoLC)910980480
|z (OCoLC)945629946
|
| 043 |
|
|
|a n-us---
|
| 045 |
2 |
|
|b d1784
|b d1826
|
| 050 |
|
4 |
|a E302
|b .A2637 2016
|
| 082 |
0 |
|
|a 973.4/4/092
|2 21
|
| 049 |
|
|
|a TXAM
|
| 100 |
1 |
|
|a Adams, John,
|d 1735-1826.
|
| 240 |
1 |
0 |
|a Works.
|k Selections.
|f 2016
|
| 245 |
1 |
0 |
|a Writings from the new nation 1784-1826 /
|c John Adams ; Gordon S. Wood, editor.
|
| 246 |
3 |
|
|a John Adams :
|b writings from the new nation 1784-1826
|
| 264 |
|
1 |
|a [New York] :
|b Library of America,
|c [2016]
|
| 264 |
|
4 |
|c ©2016
|
| 300 |
|
|
|a xxv, 905 pages ;
|c 21 cm
|
| 336 |
|
|
|a text
|b txt
|2 rdacontent
|
| 337 |
|
|
|a unmediated
|b n
|2 rdamedia
|
| 338 |
|
|
|a volume
|b nc
|2 rdacarrier
|
| 490 |
1 |
|
|a The Library of America ;
|v 276
|
| 500 |
|
|
|a "More than two hundred letters, diary excerpts, political essays, and presidential messages"--Book jacket.
|
| 504 |
|
|
|a Includes bibliographical references and index.
|
| 505 |
0 |
|
|a Treaty Commissioner and minister to the Netherlands and to Great Britain, 1784-1788 -- Vice President, 1789-1797 -- President, 1797-1801 -- Retirement, 1801-1826.
|
| 600 |
1 |
0 |
|a Adams, John,
|d 1735-1826
|v Correspondence.
|
| 600 |
1 |
0 |
|a Adams, John,
|d 1735-1826
|v Diaries.
|
| 651 |
|
0 |
|a United States
|x History
|y 1783-1865.
|
| 651 |
|
0 |
|a United States
|x Politics and government
|y To 1826.
|
| 600 |
1 |
7 |
|a Adams, John,
|d 1735-1826.
|2 fast
|0 (OCoLC)fst00042531
|
| 650 |
|
7 |
|a Politics and government.
|2 fast
|0 (OCoLC)fst01919741
|
| 651 |
|
7 |
|a United States.
|2 fast
|0 (OCoLC)fst01204155
|
| 648 |
|
7 |
|a To 1826
|2 fast
|
| 655 |
|
7 |
|a Diaries.
|2 fast
|0 (OCoLC)fst01423794
|
| 655 |
|
7 |
|a Records and correspondence.
|2 fast
|0 (OCoLC)fst01423917
|
| 700 |
1 |
|
|a Wood, Gordon S.,
|e editor.
|
| 830 |
|
0 |
|a Library of America ;
|v 276.
|
| 948 |
|
|
|a cataloged
|b h
|c 2016/5/10
|d c
|e ceaton
|f 12:06:14 pm
|
| 994 |
|
|
|a C0
|b TXA
|
| 999 |
f |
f |
|s a1732c16-c191-3f3e-8a92-3395f6746bbd
|i a3334627-914d-3298-ae6e-1574ad773abb
|t 0
|
| 952 |
f |
f |
|p normal
|a Texas A&M University
|b College Station
|c Sterling C. Evans Library
|d Evans: Library Stacks
|t 0
|e E302 .A2637 2016
|h Library of Congress classification
|i unmediated -- volume
|m A14843500902
|
| 998 |
f |
f |
|a E302 .A2637 2016
|t 0
|l Evans: Library Stacks
|